Los miserables / (Registro nro. 7504)

Detalles MARC
000 -LIDER
fixed length control field 01084nam a2200361 a 4500
001 - NÚMERO DE CONTROL
Identificador de número de control 000008202
003 - IDENTIFICACDOR DE NÚMERO DE CONTROL
control field DO-SdBNP
005 - DATE AND TIME OF LATEST TRANSACTION
control field 20171026081915.0
007 - CAMPOS FIJOS DE DESCRIPCIÓN FÍSICA
fixed length control field 000008202
008 - ELEMENTOS DE LONGITUD FIJA
fixed length control field 090915s2000 dr 001 f spa d
020 ## - ISBN
International Standard Book Number 8481301280 (v.1)
020 ## - ISBN
International Standard Book Number 8481301299 (v.2)
040 ## - FUENTE DE CATALOGACIÓN
Agencia que crea de manera original el registro BPMSU
Idioma de catalogación spa
Agencia que realiza la transcripción BPMSU
082 #4 - NÚMERO DE CLASIFICACIÓN DECIMAL DE DEWEY
Classification number 843.7
Item number H895m
100 1# - ASIENTO PRINCIPAL -- NOMBRE PERSONAL
Nombre personal Hugo, Víctor,
Fechas asociadas con el nombre 1802-1885
240 14 - TITULO UNIFORME
Título uniforme Les misérables.
Idioma de una obra Español
245 14 - MENCIÓN DE TITULO
Título Los miserables /
Mención de responsabilidad Víctor Hugo ; traducción de Aurora Alemany.
260 ## - PUBLICACIÓN, DISTRIBUCIÓN, ETC. (PIE DE IMPRENTA)
Lugar de publicación, distribución, etc Santo Domingo :
Nombre del editor, distribuidor, etc. El Siglo,
Fecha de publicación, distribución, etc 2000.
300 ## - DESCRIPCIÓN FÍSICA
Extensión 2 v. ;
Dimensiones 21 cm.
490 1# - MENCIÓN DE SERIES
Mención de serie Joyas del milenio
Volume/sequential designation 10/11
505 ## - NOTA DE CONTENIDO
Texto normalizado de contenido
534 ## - NOTA SOBRE LA VERSIÓN ORIGINAL
Frase introductoria : Les misérables
Publicación, distribución, etc. del original Barcelona : Bibliotex, 2000.
650 #4 - ENCABEZAMIENTO DE MATERIA--TEMÁTICO
Término temático o nombre geográfico como elemento de entrada NOVELA FRANCESA
650 #4 - ENCABEZAMIENTO DE MATERIA--TEMÁTICO
Término temático o nombre geográfico como elemento de entrada LITERATURA FRANCESA
650 #4 - ENCABEZAMIENTO DE MATERIA--TEMÁTICO
Término temático o nombre geográfico como elemento de entrada NOVELA HISTÓRICA FRANCESA
651 #4 - ENCABEZAMIENTO DE MATERIA--NOMBRE GEOGRÁFICO
Nombre geográfico FRANCIA
Subdivisión temática general VIDA SOCIAL Y COSTUMBRES
Subdivisión cronológica SIGLO XIX
700 1# - ASIENTO SECUNDARIO -- NOMBRE PERSONAL
Nombre personal Alemany, Aurora,
Mención de responsabilidad tr.
830 #0 - ASIENTO SECUNDARIO DE SERIE--TÍTULO UNIFORME
Título uniforme Joyas del milenio;
Volume number/sequential designation 10/11
910 ## - VALIDACIÓN
Validación
942 ## - ADDED ENTRY ELEMENTS (KOHA)
Source of classification or shelving scheme Dewey Decimal Classification
Koha item type Libros
945 ## - INFORMACIÓN DE PROCESAMIENTO LOCAL
Información de procesamiento local Inventariado / 2017 VM
956 ## - LOCAL ELECTRONIC LOCATION AND ACCESS (OCLC)
Nombre de host VMATEO
Número de acceso 10
Información de compresión 20150908
Inicio de sesión BPMSU
Procesador de solicitud 0069
Existencias
Withdrawn status Lost status Source of classification or shelving scheme Damaged status Not for loan Collection code Home library Current library Date acquired Source of acquisition Total Checkouts Full call number Barcode Date last seen Copy number Price effective from Koha item type
    Dewey Decimal Classification     Colección Dominicana Biblioteca Pública Metropolitana Salomé Ureña Biblioteca Pública Metropolitana Salomé Ureña 02/25/2015 FUNDI   843.7 H895m BPMSU15040164 02/25/2015 v. 2 02/25/2015 Libros
    Dewey Decimal Classification     Colección Dominicana Biblioteca Pública Metropolitana Salomé Ureña Biblioteca Pública Metropolitana Salomé Ureña 02/25/2015 FUNDI   843.7 H895m BPSUT15040165 02/25/2015 v. 2, e. 2 02/25/2015 Libros
    Dewey Decimal Classification     Colección Dominicana Biblioteca Pública Metropolitana Salomé Ureña Biblioteca Pública Metropolitana Salomé Ureña 02/25/2015 FUNDI   843.7 H895m BPMSU15040166 02/25/2015 v. 1 02/25/2015 Libros
    Dewey Decimal Classification     Colección Dominicana Biblioteca Pública Metropolitana Salomé Ureña Biblioteca Pública Metropolitana Salomé Ureña 10/26/2017 FUNDI   843.7 H895m BPMSU17100156 10/26/2017 v. 2, e. 3 10/26/2017 Libros